Geographical distribution of financial flows to developing countries : disbursements, commitments, country indicators : 2006-2010

Salvato in:
Dettagli Bibliografici
Natura: Libro
Lingua:inglese
francese
Pubblicazione: Paris OECD 2012
Soggetti:
Tags: Aggiungi Tag
Nessun Tag, puoi essere il primo ad aggiungerne!!

MARC

LEADER 00000nam a2200000 4500
001 0168608
005 20240104125551.9
020 |a 978-92-64-12613-8 
022 |a 2074-3157 
041 0 |a eng 
041 0 |a fre 
044 |a FR 
245 1 0 |a Geographical distribution of financial flows to developing countries : disbursements, commitments, country indicators : 2006-2010 
264 1 |a Paris  |b OECD  |c 2012 
300 |a 274 s. 
610 2 0 |a príjmy 
610 2 0 |a krajiny rozvojové 
610 2 0 |a údaje štatistické medzinárodné 
610 2 0 |a porovnanie štatistické medzinárodné